<?xml version="1.0" encoding="UTF-8"?>
<record
    xmlns:xsi="http://www.w3.org/2001/XMLSchema-instance"
    xsi:schemaLocation="http://www.loc.gov/MARC21/slim http://www.loc.gov/standards/marcxml/schema/MARC21slim.xsd"
    xmlns="http://www.loc.gov/MARC21/slim">

  <leader>01355nam a2200265 i 4500</leader>
  <controlfield tag="001">bg</controlfield>
  <controlfield tag="003">BPK</controlfield>
  <controlfield tag="005">20200513112528.0</controlfield>
  <controlfield tag="008">      s1987    pl     f     |100 0 pol</controlfield>
  <datafield tag="040" ind1=" " ind2=" ">
    <subfield code="c">BPK</subfield>
  </datafield>
  <datafield tag="041" ind1=" " ind2=" ">
    <subfield code="a">pol</subfield>
  </datafield>
  <datafield tag="080" ind1=" " ind2=" ">
    <subfield code="a">628.1/.8</subfield>
  </datafield>
  <datafield tag="080" ind1=" " ind2=" ">
    <subfield code="a">(06)</subfield>
  </datafield>
  <datafield tag="245" ind1="0" ind2="0">
    <subfield code="a">II Og&#xF3;lnopolska Konferencja Naukowa na temat Kompleksowe i szczeg&#xF3;&#x142;owe problemy in&#x17C;ynierii &#x15B;rodowiska :</subfield>
    <subfield code="b">zbi&#xF3;r referat&#xF3;w.</subfield>
    <subfield code="n">Z.5-monotematyczny,</subfield>
    <subfield code="p">Badania i opracowanie technologii odzysku w&#x119;glika krzemu ze &#x15B;ciek&#xF3;w poprodukcyjnych Fabryki Materia&#x142;&#xF3;w i Wyrob&#xF3;w &#x15A;ciernych KORUND w Kole oraz Huty Szk&#x142;a w Zawierciu /</subfield>
    <subfield code="c">aut. Tadeusz Piecuch, Wojciech Radzkowski, Adam &#x15A;wiech ; [red. nauk. Tadeusz Piecuch].</subfield>
  </datafield>
  <datafield tag="246" ind1="3" ind2="0">
    <subfield code="a">Kompleksowe i szczeg&#xF3;&#x142;owe problemy in&#x17C;ynierii &#x15B;rodowiska</subfield>
  </datafield>
  <datafield tag="246" ind1="3" ind2="0">
    <subfield code="a">Badania i opracowanie technologii odzysku w&#x119;glika krzemu ze &#x15B;ciek&#xF3;w poprodukcyjnych Fabryki Materia&#x142;&#xF3;w i Wyrob&#xF3;w &#x15A;ciernych KORUND w Kole oraz Huty Szk&#x142;a w Zawierciu</subfield>
  </datafield>
  <datafield tag="260" ind1=" " ind2=" ">
    <subfield code="a">Cz&#x119;stochowa,</subfield>
    <subfield code="c">1987.</subfield>
  </datafield>
  <datafield tag="650" ind1=" " ind2="4">
    <subfield code="a">In&#x17C;ynieria &#x15B;rodowiska</subfield>
  </datafield>
  <datafield tag="655" ind1=" " ind2="4">
    <subfield code="a">Materia&#x142;y konferencyjne</subfield>
  </datafield>
  <datafield tag="700" ind1="1" ind2=" ">
    <subfield code="a">Radzkowski, Wojciech.</subfield>
  </datafield>
  <datafield tag="700" ind1="1" ind2=" ">
    <subfield code="a">&#x15A;wiech, Adam.</subfield>
  </datafield>
  <datafield tag="700" ind1="1" ind2=" ">
    <subfield code="a">Piecuch, Tadeusz</subfield>
    <subfield code="d">(1946-2018)</subfield>
    <subfield code="e">Autor</subfield>
  </datafield>
  <datafield tag="856" ind1=" " ind2=" ">
    <subfield code="u">http://koha.tu.koszalin.pl/cgi-bin/koha/opac-detail.pl?biblionumber=23420</subfield>
    <subfield code="y">Katalog online BPK</subfield>
  </datafield>
  <datafield tag="942" ind1=" " ind2=" ">
    <subfield code="c">KS</subfield>
    <subfield code="2">UKD</subfield>
  </datafield>
  <datafield tag="999" ind1=" " ind2=" ">
    <subfield code="c">23420</subfield>
    <subfield code="d">23420</subfield>
  </datafield>
  <datafield tag="952" ind1=" " ind2=" ">
    <subfield code="0">0</subfield>
    <subfield code="1">0</subfield>
    <subfield code="4">0</subfield>
    <subfield code="7">1</subfield>
    <subfield code="a">BPK</subfield>
    <subfield code="b">BPK</subfield>
    <subfield code="c">c</subfield>
    <subfield code="o">33517</subfield>
    <subfield code="p">01472431</subfield>
    <subfield code="t">628.1/.8 Is</subfield>
    <subfield code="y">KS</subfield>
  </datafield>
</record>
